| 000 | 01847nam a2200493 i 4500 | ||
|---|---|---|---|
| 001 | DIGEDIUOC587 | ||
| 003 | NyNyDIG | ||
| 008 | 200721s2015 sp ob 000 0 spa d | ||
| 006 | m o d | ||
| 007 | cr ||||||||||| | ||
| 035 | _a(OCoLC)1182419822 | ||
| 040 |
_aDGITA _beng _erda _epn _cDGITA |
||
| 020 |
_a9788490644270 _qeBook _qpdf |
||
| 020 |
_a8490644276 _qeBook _qpdf |
||
| 020 | _z9788490644171 | ||
| 020 | _z8490644179 | ||
| 043 | _af-ua--- | ||
| 050 | 1 | 4 | _aBP173.7 ebook |
| 082 | 0 | 4 | _a320.557 |
| 100 | 1 |
_aGonzález Samaranch, Ricard, _eauthor. |
|
| 245 | 1 | 0 |
_aAscenso y caída de los Hermanos Musulmanes / _cRicard González. |
| 250 | _aPrimera edición en formato digital. | ||
| 264 | 1 |
_aBarcelona : _bEditorial UOC, _c[2015] |
|
| 300 | _a1 online resource. | ||
| 336 |
_atext _btxt _2rdacontent |
||
| 337 |
_acomputer _bc _2rdamedia |
||
| 338 |
_aonline resource _bcr _2rdacarrier |
||
| 347 |
_atext file _2rdaft |
||
| 347 | _bPDF | ||
| 490 | 1 |
_a360º reportajes ; _v7 |
|
| 504 | _aIncludes bibliographical references. | ||
| 588 | 0 | _aOnline resource; title from PDF title page (Digitalia, viewed July 21, 2020) | |
| 610 | 2 | 0 | _aJam'īyat al-Ikhwān al-Muslimīn (Egypt) |
| 650 | 0 |
_aIslam and politics _xHistory. |
|
| 650 | 0 |
_aIslamic fundamentalism _zEgypt. |
|
| 655 | 0 | _aElectronic books. | |
| 791 | 2 |
_aDigitalia (Firm), _edistributor. |
|
| 793 | 0 |
_gDigitalia eBook Collection: _aUniversitat Oberta de Catalunya |
|
| 776 | 0 | 8 |
_iPrint version: _aGonzález Samaranch, Ricard. _tAscenso y caída de los Hermanos Musulmanes. _bPrimera edición en lengua castellana. _dBarcelona : Editorial UOC, 2014 _z9788490644171 _w(OCoLC)908336422 |
| 830 | 0 |
_a360º reportajes ; _v7. |
|
| 856 | 4 | 0 |
_3Digitalia Hispánica _uhttps://www.digitaliapublishing.com/a/37966/ |
| 910 | _aPremium collection: 2020 | ||
| 942 | _cRAA | ||
| 999 |
_c243984 _d243984 |
||